[Event "IIFL Wealth 4th Mumbai GM"]
[Site "Mumbai"]
[Date "2019.01.05"]
[Round "7"]
[White "Wahba, David George"]
[Black "Kishor, Shazzad"]
[Result "0-1"]
[WhiteElo "1295"]
[BlackElo "1730"]
[Annotator "NA"]
[PlyCount "75"]
[EventDate "2018.12.30"]
[EventType "swiss"]
[EventCountry "IND"]
[SourceTitle "playchess.com"]
[Source "ChessBase"]
[SourceQuality "1"]
[TimeControl "40/5400+30:1800+30"]

1. e4 {[%emt 0:00:00]} g6 {[%emt 0:06:17]} 2. d4 {[%emt 0:04:13]} Bg7 {[%emt 0:00:03]} 3. Nf3 {[%emt 0:03:41]} c5 {[%emt 0:00:47]} 4. c3 {[%emt 0:07:40]} cxd4 {[%emt 0:00:14]} 5. cxd4 {[%emt 0:01:49]} d6 {[%emt 0:00:08]} 6. Nc3 {[%emt 0:02:19]} Nf6 {[%emt 0:00:04]} 7. Be2 {[%emt 0:03:42]} O-O {[%emt 0:00:14]} 8. O-O Nc6 {[%emt 0:02:37]} 9. Bf4 {[%emt 0:07:21]} a6 {[%emt 0:01:26]} 10. Qd2 {[%emt 0:02:09]} d5 {[%emt 0:10:44]} 11. e5 {[%emt 0:05:14]} Ne4 {[%emt 0:00:53]} 12. Qe3 Nxc3 13. bxc3 {[%emt 0:01:26]} Bg4 {[%emt 0:05:09]} 14. Bh6 {[%emt 0:04:37]} Na5 {[%emt 0:00:53]} 15. Bxg7 {[%emt 0:00:31]} Kxg7 {[%emt 0:00:03]} 16. Rab1 {[%emt 0:00:26]} b5 {[%emt 0:01:18]} 17. h3 {[%emt 0:01:05]} Bxf3 {[%emt 0:00:28]} 18. Qxf3 {[%emt 0:00:27]} Rc8 {[%emt 0:01:35]} 19. Rfc1 {[%emt 0:04:26]} e6 {[%emt 0:01:09]} 20. Qg3 {[%emt 0:02:13]} Nc4 {[%emt 0:01:08]} 21. Bxc4 {[%emt 0:00:17]} Rxc4 {[%emt 0:00:15]} 22. Rb4 {[%emt 0:00:08]} Qc7 {[%emt 0:01:04]} 23. Rxc4 {[%emt 0:00:31]} Qxc4 {[%emt 0:00:19]} 24. a3 {[%emt 0:00:21]} Qa2 {[%emt 0:01:16]} 25. Qf4 {[%emt 0:02:20]} Qxa3 {[%emt 0:00:44]} 26. Qf6+ {[%emt 0:00:10]} Kg8 {[%emt 0:00:05]} 27. Rc2 {[%emt 0:00:54]} Qb3 {[%emt 0:01:22]} 28. Rc1 {[%emt 0:00:25]} Qb2 {[%emt 0:00:49]} 29. Rf1 {[%emt 0:01:41]} Qxc3 {[%emt 0:05:49]} 30. h4 {[%emt 0:00:04]} Qd3 {[%emt 0:02:27]} 31. h5 {[%emt 0:00:17]} Qf5 {[%emt 0:01:08]} 32. hxg6 {[%emt 0:00:38]} Qxf6 {[%emt 0:01:48]} 33. gxh7+ {[%emt 0:00:10]} Kxh7 {[%emt 0:00:09]} 34. exf6 {[%emt 0:00:10]} Kg6 {[%emt 0:00:14]} 35. Ra1 {[%emt 0:00:07]} Ra8 {[%emt 0:00:11]} 36. f4 {[%emt 0:00:16]} Kxf6 {[%emt 0:00:08]} 37. g4 {[%emt 0:00:04]} b4 {[%emt 0:00:41]} 38. Kf2 {Ke5} 0-1

[Event "IIFL Wealth 4th Mumbai GM"]
[Site "Mumbai"]
[Date "2019.01.05"]
[Round "7"]
[White "Kafle, Binod"]
[Black "Chowdhury, Sohel"]
[Result "0-1"]
[WhiteElo "1191"]
[BlackElo "2012"]
[Annotator "NA"]
[PlyCount "80"]
[EventDate "2018.12.30"]
[EventType "swiss"]
[EventCountry "IND"]
[SourceTitle "playchess.com"]
[Source "ChessBase"]
[SourceQuality "1"]
[TimeControl "40/5400+30:1800+30"]

1. e4 c6 2. Bc4 d5 3. exd5 cxd5 4. Bb3 Nc6 5. d4 Nf6 6. Bg5 e6 7. Ne2 h6 8. Bxf6 Qxf6 9. O-O Bd6 10. Nbc3 a6 11. a3 O-O 12. Qd3 b5 13. Nd1 Na5 14. Ba2 Nc4 15. c3 Bb7 16. Bb1 g6 17. Bc2 Rac8 18. b3 Nxa3 19. Ne3 Nxc2 20. Qxc2 h5 21. f4 Rc7 22. Qd3 Rfc8 23. Rac1 Ba3 24. Rc2 Bf8 25. Rcc1 b4 26. c4 dxc4 27. Nxc4 Bd5 28. Nb6 Rxc1 29. Nxc1 Rc3 30. Nxd5 exd5 31. Qd2 Bg7 32. Ne2 Rxb3 33. Qc2 Re3 34. Qc8+ Kh7 35. Qc2 b3 36. Qd2 Rxe2 37. Qxe2 Qxd4+ 38. Kh1 b2 39. Qxa6 Qc4 40. Qxc4 dxc4 0-1